00245nam a2200097Ia 4500008004100000100001300041245003400054260002900088300000800117650002200125191201s2019 xx 000 0 und d aRAJE, VN 0aPharmaceutics II for 2nd year bCBS PubaNew Delhic2019 a185 aPharmaceutics - 4